Представление документа в формате MARC21

Поле Инд. ПП Название Значение
Тип записи a
Библиографический уровень m
001 _ Контрольный номер RU/ЭБС IPR BOOKS/71242
005 Дата корректировки 20250915131050.2
008 Кодируемые данные 211122s2017 RU y f j 000 1 rus u
020 a ISBN 978-5-238-01220-9
040 c Служба, преобразующая запись ЭБС IPR BOOKS
041 a Код языка текста rus
044 a Код страны публикации RU
080 a Индекс УДК 811.111
084 2 Источник индекса rubbk
a Индекс другой классификации/Индекс ББК 81.2Англ-923
100 1_ a Автор Жулидов, С. Б.
4 Код отношения 070
245 a Заглавие The Travel and Tourism Industry
b Продолж. заглавия учебное пособие для студентов вузов, обучающихся по специальностям сервиса 10000 и туризма 10200
c Ответственность С. Б. Жулидов
250 g 2023-12-10
a Основные сведения об издании The Travel and Tourism Industry
256 a Характеристики компьютерного файла Электрон. дан. (1 файл)
260 a Место издания Москва
b Издательство ЮНИТИ-ДАНА
c Дата издания 2017
300 a Объем 204 с.
500 a Примечание Книга находится в премиум-версии ЭБС IPR BOOKS.
516 a Прим. о типе комп. файла/ данных Текст
520 a Аннотация Цель пособия - способствовать дальнейшему формированию и совершенствованию речевых навыков и умений студентов в профессиональной для них сфере коммуникации - сервисе и туризме. Пособие включает в себя аутентичные тексты из оригинальных американских и британских источников по указанной тематике, а также современной периодики. Предлагаемая система лексических и речевых упражнений, а также ситуативно-коммуникативные задания (Case study) призваны способствовать развитию и совершенствованию речевых навыков студентов на заключительном этапе обучения английскому языку.
521 a Примеч. о целев. назн. Лицензия до 10.12.2023
538 a Прим. о системных особенностях электронный
653 a Ключевые слова сервис
653 a Ключевые слова туризм
653 a Ключевые слова английский язык
653 a Ключевые слова лексическое упражнение
653 a Ключевые слова речевое упражнение
653 a Ключевые слова ситуативно-коммуникативное задание
653 a Ключевые слова аутентичный текст
653 a Ключевые слова деловая поездка
653 a Ключевые слова курортный отдых
856 4_ u URL http://www.iprbookshop.ru/71242.html
z Примечание для пользователя Участвует в КО